00440nam a22001217a 4500082002500000100002800025245013600053250000900189260006200198300001300260526003700273650000800310 a672bHANcL-13, P-27 aDorman, Long & Co., Ltd aConstructional EngineersbTables Relating to Steel and Information Regarding the Products and ManufacturescDorman, Long & Co., Ltd a1938 aBritianbMccrquodale & Co., Limited Caxton Works Glassgow a609 P, : a0b0c0d672_000000000000000_HAN aMCE